000 00689cam a22002533a 4500
001 14599
003 PGUSA
005 20140828083319.0
008 050105s2005||||xxu|||||s|||||000 | eng d
040 _aPGUSA
_beng
042 _adc
050 4 _aBP
050 4 _aBF
100 1 _aCollins, Mabel,
_d1851-1927
245 1 0 _aLight On The Path and Through the Gates of Gold
_h[electronic resource] /
_cMabel Collins
260 _bProject Gutenberg,
_c2005
506 _aPublic domain in the USA.
516 _aElectronic text
653 _aNew Thought
653 _aTheosophy
830 0 _aProject Gutenberg
_v14599
856 4 0 _uhttp://www.gutenberg.org/ebooks/14599
942 _cEB
999 _c243854
_d243854